Countries within 500km of Bosnia and Herzegovina - Statistics

General Stats
  • This quiz has been taken 46 times
  • The average score is 21 of 21
Answers on the Map
Answers color-coded by a green-red scale on the quiz's map according to % correct below.
 
Answer Stats
Answer % Correct
Albania
100%
Austria
100%
Croatia
100%
Greece
100%
Italy
100%
North Macedonia
100%
Romania
100%
Slovakia
100%
Slovenia
100%
Vatican City
100%
Bulgaria
98%
Czech Republic
98%
Germany
98%
Hungary
98%
Kosovo
98%
Montenegro
98%
San Marino
98%
Serbia
98%
Switzerland
98%
Poland
95%
Ukraine
95%
No matching quizzes found
Score Distribution
Percent of People with Each Score
Percentile by Number Answered
Your Score History
You have not taken this quiz